[Event "Moscow Smyslov-C"]
[Site "Moscow"]
[Date "2025.06.09"]
[Round "8"]
[White "Shpigotskiy, Dmitriy"]
[Black "Davydenya, Mikhail"]
[Result "0-1"]
[WhiteElo "1673"]
[BlackElo "1676"]
[PlyCount "118"]
[EventDate "2025.06.02"]
[EventType "swiss"]
[EventRounds "8"]
[EventCountry "RUS"]
[SourceTitle "CB29_2025"]
[SourceDate "2025.07.16"]
[SourceVersion "1"]
[SourceVersionDate "2025.07.16"]
[SourceQuality "1"]

1. e4 c5 2. Nf3 d6 3. d4 cxd4 4. Nxd4 Nf6 5. Nc3 a6 6. Be3 e5 7. Nb3 Be6 8. Qd2 Nbd7 9. f3 Be7 10. g4 0-0 11. 0-0-0 b5 12. Nd5 Bxd5 13. exd5 Nb6 14. Bxb6 Qxb6 15. h4 a5 16. Kb1 a4 17. Nc1 a3 18. b3 Rfc8 19. g5 Nh5 20. Bh3 Rc7 21. Ne2 Ra4 22. Qc1 Nf4 23. Nxf4 Rxf4 24. Bg4 Qc5 25. Qd2 f5 26. Bh3 Rxf3 27. Rdf1 Rxf1+ 28. Rxf1 g6 29. Bg2 Bf8 30. h5 Bg7 31. h6 Bh8 32. b4 Qc3 33. Qxc3 Rxc3 34. Kc1 e4 35. Kd2 Rg3 36. Bh1 Rc3 37. Rb1 Be5 38. Rb3 Rxb3 39. cxb3 Bf4+ 40. Ke1 Bxg5 41. Bg2 Bxh6 42. Bf1 Bg7 43. Kd2 Bd4 44. Bxb5 Kf7 45. Bd7 Kf6 46. Be6 g5 47. Ke2 h5 48. Bd7 h4 49. b5 g4 50. Kf1 h3 51. Be8 g3 52. Bh5 g2+ 53. Ke2 g1Q 54. b6 Qe3+ 55. Kd1 Qd3+ 56. Ke1 Be3 57. Be2 Qc3+ 58. Kf1 Qc1+ 59. Bd1 Qxd1# 0-1

[Event "Moscow Smyslov-C"]
[Site "Moscow"]
[Date "2025.06.02"]
[Round "1"]
[White "Kuralin, Arseniy Ev"]
[Black "Shpigotskiy, Dmitriy"]
[Result "0-1"]
[WhiteElo "1744"]
[BlackElo "1673"]
[PlyCount "102"]
[EventDate "2025.06.02"]
[EventType "swiss"]
[EventRounds "8"]
[EventCountry "RUS"]
[SourceTitle "CB29_2025"]
[SourceDate "2025.07.16"]
[SourceVersion "1"]
[SourceVersionDate "2025.07.16"]
[SourceQuality "1"]

1. d4 d5 2. Nf3 Nf6 3. e3 c5 4. Be2 e6 5. 0-0 Be7 6. dxc5 Bxc5 7. a3 0-0 8. b4 Bd6 9. Bb2 Qe7 10. c4 dxc4 11. Bxc4 Rd8 12. Qe2 b6 13. Nc3 a6 14. Rfd1 b5 15. Bd3 Bb7 16. e4 e5 17. Nd5 Nxd5 18. exd5 Nd7 19. Rac1 Rac8 20. Rxc8 Rxc8 21. Qe3 g6 22. Bb1 Rc7 23. Ba2 f6 24. Nd4 Kh8 25. Ne6 Rc2 26. Rd2 Rxd2 27. Qxd2 Nf8 28. Qc3 Nxe6 29. dxe6 Kg7 30. h3 Qc7 31. Qd2 Qc6 32. f3 Be7 33. Bc1 Bc8 34. Qh6+ Kg8 35. Bb1 Bf8 36. Be4 Qxe6 37. Qd2 Qb6+ 38. Kh1 Be6 39. Qe3 Qd6 40. Qe1 Bc4 41. Bc2 Qc6 42. Qd2 Qd5 43. Qe3 f5 44. Bb2 Bg7 45. Qb6 Qd2 46. Qb8+ Kf7 47. Qb7+ Kg8 48. Qc8+ Bf8 49. Qb8 Qxc2 50. Bxe5 Bf1 51. Qb7 Qxg2# 0-1